Phase finale de la Coupe d'Europe (Euro) 2004 - Statistiques

Statistiques générales
  • Ce quiz a été pris 170 fois
  • Le résultat moyen est 7 sur 8
Statistiques - réponses
Réponse % Correct
Portugal
100%
France
99%
Grèce
98%
Angleterre
96%
Pays-Bas
95%
Suède
92%
Danemark
87%
République Tchèque
79%
Aucun quiz correspondant
Distribution des résultats
% des personnes avec chaque résultat
Percentile par nombre de réponses
Votre historique - résultats
Vous n’avez pas pris ce quiz